| 000 | 00936nas a2200289 4500 | ||
|---|---|---|---|
| 001 | BR2015000968 | ||
| 003 | BR-BrBNA | ||
| 005 | 20231205125034.0 | ||
| 007 | ta | ||
| 008 | 230509b bl.|||p| |||| 00| 00por d | ||
| 040 |
_aBR-BrBNA _bpor _cBiblioteca Nacional de Agricultura |
||
| 041 | _a(En) | ||
| 072 | _aF03 | ||
| 100 | 1 | _aCorsato, J.M. | |
| 100 | 1 | _aFerreira, G. | |
| 100 | 1 | _aBarbedo, C.J. | |
| 245 | 1 | _aDesiccation tolerance in seeds of Annona emarginata (Schldtl.)H. Rainer and action of plant growth regulators on germination | |
| 650 | _aARATICUM | ||
| 650 | _aANNONA CRASSIFLORA | ||
| 650 | _aSEMENTE | ||
| 650 | _aGERMINACAO | ||
| 650 | _aCRESCIMENTO | ||
| 773 | 0 |
_tBrazilian Journal of Plant Physiology (Brazil) _xISSN 1677-0420 _g(2012), v. 24(4) p. 253-260 _wBR2015000968 |
|
| 856 | 4 | 0 | _uhttp://www.scielo.br/pdf/bjpp/v24n4/a04v24n4.pdf |
| 909 |
_a202311 _bLúcia _c55 _dLúcia Elande |
||
| 942 |
_2AGRIS _n0 _cANA |
||
| 999 |
_c242277 _d242277 |
||